Européennes, européens: à chances égales?: eurobarométre 44.3 résultats d'une enquête d'opinion

Uloženo v:
Podrobná bibliografie
Hlavní autor: Malpas, Nicole (autora)
Médium: Kniha
Jazyk:francouzština
Vydáno: Luxemburgo Commission Européenne 1998
Témata:
Tagy: Přidat tag
Žádné tagy, Buďte první, kdo vytvoří štítek k tomuto záznamu!

MARC

LEADER 00000nam a2200000 a 4500
001 UCM8749
003 CL-VaPUC
008 030328e19980000lu |||||||||||||||||fre|d
082 0 4 |a 304.5  |b MAL  |2 21 
100 |a Malpas, Nicole  |e autora  |9 474939 
245 1 0 |a Européennes, européens: à chances égales?: eurobarométre 44.3 résultats d'une enquête d'opinion 
300 |a 73 p 
942 |c BK 
945 |d 20030328 00:00:00  |a rbrito 
260 |a Luxemburgo  |b Commission Européenne  |c 1998 
650 0 |a Mujeres  |9 257649 
650 7 |a DISCRIMINACION LABORAL  |2 CL-VaPUC  |9 410817 
650 7 |a DERECHO LABORAL  |2 CL-VaPUC  |9 15 
651 0 |a Europa  |9 255156 
999 |c 303187  |d 303185 
583 |k Rodrigo Vera 
952 |0 0  |1 0  |4 0  |6 304_500000000000000_MAL_1998  |7 0  |8 A  |9 364335  |a BIBDER  |b BIBDER  |d 2019-11-21  |i 3507645  |o 304.5 MAL 1998  |p 3507645  |r 2023-01-25  |w 2019-11-21  |y BK  |k DER